Statistics for Historical Capitals

Click here to take the quiz!

General Stats

  • This quiz has been taken 47 times
  • The average score is 38 of 55

Answer Stats

CountryTimeCapital% Correct
Russia1389-1712Moscow
100%
Russia1918-presentMoscow
100%
Russia1712-1918Saint Petersburg
100%
Canada1866-presentOttawa
98%
France1944-presentParis
98%
France1914-1940Paris
98%
France1871-1914Paris
98%
France1789-1871Paris
98%
China1949-presentBeijing
95%
China1644-1912Beijing
95%
China1912-1928Beijing
95%
Turkey1261-1335Istanbul
95%
Turkey1453-1923Istanbul
95%
Greece330-661Istanbul
95%
Greece668-1204Istanbul
95%
Greece1261-1453Istanbul
95%
Italy1871-presentRome
95%
Japan1868-presentTokyo
95%
Brazil1960-presentBrasilia
93%
Egypt641 CE - presentCairo
93%
Brazil1763-1960Rio de Janeiro
93%
Turkey1923-presentAnkara
90%
Greece1836-presentAthens
90%
Thailand1782-presentBangkok
86%
Japan794-1868Kyoto
86%
Nigeria1960-1991Lagos
86%
Egypt332 BCE - 641 CEAlexandria
83%
Canada1849-1852Toronto
81%
France1940-1944Vichy
81%
Canada1844-1849Montreal
79%
Nigeria1991-presentAbuja
74%
China1912-1912Nanjing
71%
China1928-1937Nanjing
71%
China1946-1949Nanjing
71%
Russia882-1243Kyiv
69%
Italy1864-1871Florence
67%
France1871-1871Versailles
64%
France1682-1789Versailles
64%
Canada1852-1866Quebec City
60%
Italy1861-1864Turin
57%
Egypt343 BCE - 332 BCEMemphis
55%
Russia862-882Novgorod
50%
Brazil1534-1763Salvador
40%
France1914-1914Bordeaux
31%
Turkey1335-1365Bursa
31%
China1937-1946Chongqing
31%
Turkey1365-1453Edirne
21%
Thailand1688-1767Ayutthaya
14%
Greece1204-1261Nicaea
14%
Russia1243-1389Vladimir
10%
Canada1841-1844Kingston
7%
China1625-1644Shengjing
2%
Thailand1767-1782Thonburi
2%
Greece1821-1836Nafplio
0%
Greece661-668Syracuse
0%

Score Distribution

Percentile by Number Answered

Percent of People with Each Score

Your Score History

You have not taken this quiz